<?xml version="1.0" encoding="UTF-8"?>
<marc:record xmlns:marc="http://www.loc.gov/MARC21/slim">
   <marc:leader>00000nam a2200000 a 4500</marc:leader>
   <marc:datafield ind1="1" ind2=" " tag="100">
      <marc:subfield code="a">Bodenstein, Katharina</marc:subfield>
      <marc:subfield code="4">ctb</marc:subfield>
      <marc:subfield code="e">Mitwirkende/-r</marc:subfield>
   </marc:datafield>
   <marc:datafield ind1="1" ind2=" " tag="100">
      <marc:subfield code="a">Schneider, Jutta</marc:subfield>
      <marc:subfield code="4">ctb</marc:subfield>
      <marc:subfield code="e">Mitwirkende/-r</marc:subfield>
   </marc:datafield>
   <marc:datafield ind1=" " ind2=" " tag="653">
      <marc:subfield code="a">Biologisches Kosmetikum</marc:subfield>
   </marc:datafield>
   <marc:datafield ind1=" " ind2=" " tag="653">
      <marc:subfield code="a">Herstellung</marc:subfield>
   </marc:datafield>
   <marc:datafield ind1=" " ind2=" " tag="653">
      <marc:subfield code="a">Softcover / Ratgeber/Gesundheit/Schönheit</marc:subfield>
   </marc:datafield>
   <marc:datafield ind1=" " ind2=" " tag="653">
      <marc:subfield code="a">Kosmetik</marc:subfield>
   </marc:datafield>
   <marc:datafield ind1=" " ind2=" " tag="653">
      <marc:subfield code="a">Anleitung</marc:subfield>
   </marc:datafield>
   <marc:datafield ind1="0" ind2="0" tag="245">
      <marc:subfield code="a">Naturkosmetik aus meinem Garten</marc:subfield>
   </marc:datafield>
   <marc:datafield ind1="0" ind2="0" tag="245">
      <marc:subfield code="c">Katharina Bodenstein ; Jutta Schneider</marc:subfield>
   </marc:datafield>
   <marc:datafield ind1=" " ind2="1" tag="264">
      <marc:subfield code="a">Ostfildern</marc:subfield>
      <marc:subfield code="b">Thorbecke</marc:subfield>
      <marc:subfield code="c">2012</marc:subfield>
   </marc:datafield>
   <marc:datafield ind1="1" ind2=" " tag="520">
      <marc:subfield code="a">Angaben aus der Verlagsmeldung

Naturkosmetik aus meinem Garten / von Katharina Bodenstein, Jutta Schneider

Es ist so leicht, sich auf natürliche Weise etwas Gutes zu tun: Die Zutaten für ein duftendes Körpergel, eine erfrischende Maske oder ein entspannendes Bad wachsen draußen in der Natur. Die wertvollen Inhaltsstoffe der Kräuter, Blumen und Früchte wirken am besten, wenn sie frisch angewendet oder selbst verarbeitet werden - ohne Konservierungsstoffe und andere industrielle Zusätze. So gut wie alle Rezepte kommen mit Zutaten aus Garten und Küche aus, die man ohnehin im Haus hat. Katharina Bodenstein stellt einfache Grundrezepte vor, die sich mit verschiedenen Pflanzen variieren lassen. Für jeden Haar- oder Hauttyp und auch für kleine Schönheitsprobleme findet hier jeder die richtige Pflanze und ihre Zubereitung. Eine Birkenblätterspülung etwa sorgt für weiches Haar, eine Gänseblümchencreme für reine Haut. Stimmungsvolle Fotos machen Lust aufs Ausprobieren.
</marc:subfield>
   </marc:datafield>
   <marc:datafield ind1=" " ind2=" " tag="020">
      <marc:subfield code="a">9783799507431</marc:subfield>
      <marc:subfield code="9">9783799507431</marc:subfield>
   </marc:datafield>
   <marc:datafield ind1=" " ind2=" " tag="020">
      <marc:subfield code="a">3799507434</marc:subfield>
      <marc:subfield code="9">3799507434</marc:subfield>
   </marc:datafield>
   <marc:datafield ind1=" " ind2=" " tag="300">
      <marc:subfield code="a">120 S.</marc:subfield>
   </marc:datafield>
</marc:record>
